An econometric analysis of workers participation in unions (Record no. 11992)

000 -LEADER
fixed length control field 00451pab a2200169 454500
008 - FIXED-LENGTH DATA ELEMENTS--GENERAL INFORMATION
fixed length control field 180718b1988 xxu||||| |||| 00| 0 eng d
100 ## - MAIN ENTRY--PERSONAL NAME
Personal name Sahay, Surottam N.
245 ## - TITLE STATEMENT
Title An econometric analysis of workers participation in unions
260 ## - PUBLICATION, DISTRIBUTION, ETC.
Date of publication, distribution, etc. 1988
300 ## - PHYSICAL DESCRIPTION
Extent 61-71
362 ## - DATES OF PUBLICATION AND/OR SEQUENTIAL DESIGNATION
Dates of publication and/or sequential designation Jan.-Mar.
650 ## - SUBJECT ADDED ENTRY--TOPICAL TERM
Topical term or geographic name entry element Labour Unions - India
700 ## - ADDED ENTRY--PERSONAL NAME
Personal name Hedley J.B. Ress
700 ## - ADDED ENTRY--PERSONAL NAME
Personal name Ramesh P. Sinha
773 ## - HOST ITEM ENTRY
Main entry heading Indian Economic Journal
909 ## -
-- 11992
Holdings
Withdrawn status Lost status Damaged status Not for loan Permanent Location Current Location Date acquired Serial Enumeration / chronology Barcode Date last seen Price effective from Koha item type
        Indian Institute of Public Administration Indian Institute of Public Administration 2018-07-19 Volume no: 35, Issue no: 3 AR12033 2018-07-19 2018-07-19 Articles

Powered by Koha